| 000 | 00430cam a2200145 4500500 | ||
|---|---|---|---|
| 005 | 20260111093406.0 | ||
| 041 | _afre | ||
| 042 | _adc | ||
| 100 | 1 | 0 |
_aMiossec, Alain _eauthor |
| 245 | 0 | 0 | _aHumeur climatique |
| 260 | _c2015. | ||
| 500 | _a26 | ||
| 786 | 0 | _nLa Géographie | 1559 | 4 | 2015-10-01 | p. 66-67 | 1964-9002 | |
| 856 | 4 | 1 | _uhttps://shs.cairn.info/revue-la-geographie-2015-4-page-66?lang=fr&redirect-ssocas=7080 |
| 999 |
_c1626239 _d1626239 |
||